Statistics for Lottery

Click here to take the quiz!

General Stats

  • This quiz has been taken 43 times
  • The average score is 4 of 17

Answer Stats

QuestionAnswer% Correct
AA
37%
AA
37%
AA
37%
AA
37%
AA
33%
AA
33%
AA
30%
AA
26%
AA
26%
AA
22%
AA
22%
AA
22%
AA
19%
AA
19%
AA
15%
AA
11%
AA
7%

Score Distribution

Percentile by Number Answered

Percent of People with Each Score

Your Score History

You have not taken this quiz